Identificación de microorganismos (algas) y medición de eficiencia en lagunas de estabilización de aguas residuales
שמור ב:
| מחבר ראשי: | |
|---|---|
| מחברים אחרים: | |
| פורמט: | ספר |
| יצא לאור: |
San José, Costa Rica
2001
|
| נושאים: | |
| תגים: |
הוספת תג
אין תגיות, היה/י הראשונ/ה לתייג את הרשומה!
|
MARC
| LEADER | 00000nam a2200000Ia 4500 | ||
|---|---|---|---|
| 003 | 008819 | ||
| 005 | 20231124142110.0 | ||
| 008 | 140114s2001 cr a m 000 ||s d | ||
| 040 | |c cru CEDI | ||
| 090 | |a TFG 4378 | ||
| 100 | |a Mora Pereira, Laura, 1978- |9 1870 | ||
| 245 | |a Identificación de microorganismos (algas) y medición de eficiencia en lagunas de estabilización de aguas residuales | ||
| 260 | |a San José, Costa Rica |c 2001 | ||
| 300 | |a vi,172 hojas : ilustraciones a color | ||
| 500 | |a Proyecto de graduación (licenciatura en ingeniería civil)--Universidad de Costa Rica. Facultad de Ingeniería. Escuela de Ingeniería Civil | ||
| 501 | |a Directora de Proyecto de Graduación: Ing. Ana Lorena Arias Zúñiga, M.Sc. | ||
| 650 | |x LAGUNAS DE ESTABILIZACION |x ANALISIS |x AGUAS RESIDUALES |x MICROBIOLOGIA DE AGUAS RESIDUALES |x PURIFICACION DE AGUAS RESIDUALES |9 7645 | ||
| 700 | |a Arias Zúñiga, Ana Lorena, 1968- |d Directora del TFG |9 1000 | ||
| 942 | |c TFG |h TFG 4378 |i 008819 |6 TFG_4378_008819000000000 | ||
| 999 | |c 18061 |d 18061 | ||
